| 000 | 00447 a2200157 4500 | ||
|---|---|---|---|
| 005 | 20250625065333.0 | ||
| 020 | _a978-0-13-714149-4 | ||
| 082 | _a650.1 HUM | ||
| 100 | _aHUMMELBRUNNER, S. A. | ||
| 245 | _aContemporary Business Mathematics with Canadian Application | ||
| 250 | _a8th Ed. | ||
| 260 |
_aNew York, _bPerason, _c2009. |
||
| 300 |
_ax,778p.; ill.; table, figure _bAppendix & Index _c25cm. |
||
| 700 | _aCOOMBS, K. S. | ||
| 942 |
_2ddc _cBKS |
||
| 999 |
_c4925 _d4925 |
||